| 000 | 00402nam a2200133Ia 4500 | ||
|---|---|---|---|
| 008 | 231129s2003||||xx |||||||||||||| ||spa|| | ||
| 040 | _bspa | ||
| 082 | _a741.5 F418f | ||
| 100 | _aFestival Internacional de Caricatura "Ricardo Rendón" 2003 | ||
| 245 | 0 | _aFestival Internacional de Caricatura: 10 años | |
| 260 | _c2003 | ||
| 264 | _aMedellín Colombia : Impresión / Printed | ||
| 942 |
_2ddc _cBKS |
||
| 999 |
_c13919 _d13919 |
||